000
00205 a2200097 4500
001
20234
100
_a
Kemeny Smll
245
_a
Finite markor chains
260
_a
_b
Van Nostrad
_c
090
_c
14805
_d
14805
942
_a
NUST-CAE
_c
M
_c
5342
999
_c
255307
_d
255307